| 000 | 01691nmc a2200481 a 4500 | ||
|---|---|---|---|
| 003 | AR-X00000XY | ||
| 005 | 20251128211934.0 | ||
| 008 | 047020s2004 ||||||||||||||000 | spa|| | ||
| 020 | _a987-963-24-1-9 | ||
| 040 | _cAR-X00000XY | ||
| 245 | 1 | 0 |
_aAntología de cuento y poesía _bconcursos participativos : 2001-2002 |
| 250 | _a1ª ed. | ||
| 260 |
_aBuenos Aires _bUPCN _c2004 |
||
| 300 | 0 | _a114 p. | |
| 490 | 0 | _aUPCN en las letras | |
| 500 | 0 | _aAntología de los concursos participativos 2001 y 2002 | |
| 505 |
_tRabanito (historia secreta de un chico de la calle) _rMartínez Llobet, Alberto |
||
| 505 |
_tHendijas _rSartori, Daniel |
||
| 505 |
_tLínea B _rRosende, Marcelo |
||
| 505 |
_tCuatro _rGonzález Pedemonte, Luis María |
||
| 505 |
_tCharly y su fan _rIbarra, Mariana |
||
| 505 |
_tPiolines de sueño _rJalabert, Sonia |
||
| 505 |
_tMi traje habano _rRueda Avellaneda, Oscar |
||
| 505 |
_tRomance de Santiago _rIsjaqui Sereno, Silvia |
||
| 505 |
_tDame una fija _rNosdeo, Isabel |
||
| 505 |
_tEl indio _rAjlin, Jacobo |
||
| 505 | _t2002 cuentos | ||
| 505 |
_tOración rante _rIsjaqui Sereno, Silvia |
||
| 505 |
_tEl 77 _rGarcía Crocco, Javier |
||
| 505 |
_tLos tres pasajes _rFarías, Leonardo Gabriel |
||
| 505 |
_tUmbrales _rEguiño, Alejandra Marina |
||
| 505 |
_tCorona y limón _rIván, Marcos |
||
| 505 |
_tEran seis, en el Tortoni _rJalabert, Sonia |
||
| 505 |
_tMilito _rMontejo de la Luna, María Luisa |
||
| 650 | 4 | _aANTOLOGIAS | |
| 650 | 4 | _aLITERATURA ARGENTINA | |
| 650 | 4 | _aCUENTOS | |
| 650 | 4 | _aPOESIA | |
| 655 | _aLITERATURA | ||
| 710 | 2 | _aUnión del Personal Civil de la Nación [Argentina] | |
| 942 | _cBK | ||
| 998 | _cNancy | ||
| 999 |
_c21706 _d21706 |
||